Т. 32, вып. 11; Журнал физической химии

গ্রন্থ-পঞ্জীর বিবরন
Parent link:Журнал физической химии/ Академия наук СССР. Т. 32, вып. 11.— , 1931-.— 0044-4537
ভাষা:রুশ
প্রকাশিত: 1958
বিন্যাস: গ্রন্থ
KOHA link:https://koha.lib.tpu.ru/cgi-bin/koha/opac-detail.pl?biblionumber=423681

MARC

LEADER 00000nam2a2200000 4500
001 423681
005 20231101074029.0
035 |a (RuTPU)RU\TPU\prd\81917 
035 |a RU\TPU\prd\81907 
090 |a 423681 
100 |a 20100513a19309999k y0rusy50 ca 
101 0 |a rus 
102 |a RU 
200 0 |a Т. 32, вып. 11 
210 |d 1958 
461 1 |0 (RuTPU)RU\TPU\prd\167  |x 0044-4537  |t Журнал физической химии  |f Академия наук СССР  |v Т. 32, вып. 11  |d 1931- 
801 0 |a RU  |b 63413507  |c 20010227  |g PSBO 
801 1 |a RU  |b 63413507  |c 20100324 
801 2 |a RU  |b 63413507  |c 20160620  |g RCR 
942 |c BK 
999 |a НТБ_ТПУ  |b НФ  |e -8/20100113  |p П-3067  |u 0,00  |v 1  |y 13821000802555